| 000 | 00381nam a2200109Ia 4500 | ||
|---|---|---|---|
| 008 | 171204s9999 xx 000 0 und d | ||
| 245 | _aArtistic Citizenship: Artistry, Social Responsibility, and Ethical Praxis | ||
| 245 | _cDavid Elliott, Marissa Silverman, and Wayne Bowman | ||
| 260 | _c2016 | ||
| 650 | _xArt Appreciation | ||
| 856 | _uhttp://down.ebook777.com/056/0199393745.pdf | ||
| 999 |
_c345470 _d345470 |
||